Responses for Show #6385 - Friday, May 25, 2012

Joel Pool game 5.

Contestants

[<< previous game]

Jennifer Arceneaux, a grant writer from Los Angeles, California

Jim Virtel, a graduate student of philosophy from Lemont, Illinois

Joel Pool, a real estate developer from Oakland, California (whose 4-day cash winnings total $86,600)

[next game >>]

Jeopardy! Round responses

THERE'S SOMETHING IN THE AIR
NEW WORDS & PHRASES
SOUTHPAWS
CAPITAL & COUNTRY: SAME FIRST LETTER
HISTORY
SPELLING WITH THE STARS
(Alex: And you must spell the correct response.)
    $200 21
Qantas

Jennifer
    $200 8
a staycation

Joel
    $200 22
Prince Charles

Jennifer
    $200 3
Mexico City, Mexico

Joel
    $200 1
Bismarck

Joel
    $200 10
R-E-S-P-E-C-T

Jim
    $400 27
Frisbee

Jim
    $400 9
a vlog

Jennifer
    $400 23
Oliver North

Jennifer
    $400 4
Stockholm, Sweden

Jim
    $400 2
the Pyramids

Jennifer
    $400 11
Y.M.C.A.

Jim
    $600 28
a hummingbird

Joel
    $600 16
a zip line

Joel
    $600 24
(Sandy) Koufax

Jim
    $1,000 5
(Jim: Uhh...)
(Alex: Not coming, is it?)
(Jim: No.)

Brussels, Belgium

Jim
    $600 15
the Inquisition

Joel
    $600 12
L-O-L-A

Jim
    $800 29
cumulus

Joel
    $800 17
a germophobe

Joel
    $800 25
(Jim: Who is Pericles?)

Alexander the Great

Jim
Triple Stumper
    $800 6
Seoul, South Korea

Jim
    $800 19
the Magna Carta

Triple Stumper
    $800 13
G-L-O-R-I-A

Triple Stumper
    $1000 30
(hot air) balloon

Joel
    $1000 18
a flash mob

Joel
    $1000 26
Douglas Adams

Joel
    $1000 7
Tunis, Tunisia

Joel
    $1000 20
(Jim: What is Yalta?)

the Tehran Conference

Jim
Triple Stumper
    $1000 14
S-A-T-U-R-D-A-Y night

Joel

Scores at the first commercial break (after clue 15):

Joel Jim Jennifer
$3,200 $1,400 $800

Scores at the end of the Jeopardy! Round:

Joel Jim Jennifer
$9,000 $600 $1,600

Double Jeopardy! Round responses

THERE'S SOMETHING ON THE AIR
BUSINESS SCHOOLS
FILL IN THE BLANK CANVAS
"CAMP" FOLLOWERS
VIRGIL
FUN WITH ELEMENTS
    $400 16
Alcatraz

Jim
    $400 6
Notre Dame

Jim
    $400 1
Last

Jim
    $400 11
Campbell

Joel
    $400 26
The Aeneid

Jim
    $400 21
(Jim: What is helium?)

neon

JoelJim
    $800 17
Jimmy Fallon

Jennifer
    $800 7
UCLA

Jim
    $800 2
Jacob

Jim
    $800 12
a campaign

Joel
    $800 27
(Jennifer: [long pause, shakes head] Nothing.)

Jesus

JimJennifer
    $800 22
magnesium

Joel
    $1200 18
American Horror Story

Jim
    $3,000 8
the University of North Carolina

Jim
    $1200 3
Delights

Joel
    $1200 13
campfire

Jim
    $1200 28
love

Jim
    $1200 23
carbon

Joel
    $1600 19
Wipeout

Jennifer
    $1600 9
Wharton

Joel
    $1600 4
Delft

Triple Stumper
    $1600 14
(Alex: Wasn't the play, Sunrise at [*]"?)

Campobello

Triple Stumper
    $1600 29
(Jim: What is, uh... what is The Inferno?)

The Divine Comedy

Jim
Triple Stumper
    $1600 24
(Joel: What is a laser?)

a clock

JoelJim
    $2000 20
(Joel: What is Iron Chef?)

MasterChef

Joel
Triple Stumper
    $2000 10
Emory

Jim
    $2000 5
Neck

Triple Stumper
    $2000 15
campesino

Jennifer
    $2000 30
seclorum

Triple Stumper
    $2,000 25
aluminum

Jim

Scores at the end of the Double Jeopardy! Round:

Joel Jim Jennifer
$11,800 $14,800 $5,200

[wagering suggestions for these scores]

Final Jeopardy! Round responses

MILITARY MATTERS
JenniferWhat is Guantanamo?
$1,800
JoelWhat is ?
$3,100
JimWhat is Fort Knox?
$8,801
Guantanamo

Final scores:

Joel Jim Jennifer
$8,700 $5,999 $7,000
5-day champion: $95,300 3rd place: $1,000 2nd place: $2,000

Game dynamics:

Coryat scores:

Joel Jim Jennifer
$11,800 $14,000 $5,200
20 R,
2 W
21 R
(including 2 DDs),
5 W
(including 1 DD)
8 R,
1 W

Combined Coryat: $31,000

[game clues] [game scores] [suggest correction]

Game tape date: 2012-01-17
The J! Archive is created by fans, for fans. Scraping, republication, monetization, and malicious use prohibited; this site may use cookies and collect identifying information. See terms. The Jeopardy! game show and all elements thereof, including but not limited to copyright and trademark thereto, are the property of Jeopardy Productions, Inc. and are protected under law. This website is not affiliated with, sponsored by, or operated by Jeopardy Productions, Inc. Join the discussion at JBoard.tv.